Blackburn Rovers Biggest Transfers - Statistics

General Stats
  • This quiz has been taken 7 times
  • The average score is 62 of 168
Answer Stats
% Correct
Arrivals England ST 21 Alan Shearer 92/93 Southampton €4.50m
83%
Departures England ST 25 Alan Shearer 96/97 Newcastle United €18.00m
83%
Arrivals England ST 30 Andrew Cole 01/02 Manchester United €12.20m
83%
Arrivals England ST 21 Chris Sutton 94/95 Norwich City €7.50m
83%
Departures England ST 26 Chris Sutton 99/00 Chelsea €15.00m
83%
Arrivals Wales ST 25 Craig Bellamy 05/06 Newcastle United €7.50m
83%
Departures Wales ST 26 Craig Bellamy 06/07 Liverpool €9.00m
83%
Departures Ireland LM 24 Damien Duff 03/04 Chelsea €24.50m
83%
Arrivals Scotland ST 29 Duncan Shearer 91/92 Swindon Town €1.40m
83%
Arrivals Paraguay ST 25 Roque Santa Cruz 07/08 Bayern Munich €5.00m
83%
Departures Paraguay ST 27 Roque Santa Cruz 09/10 Manchester City €21.20m
83%
Departures England CM 19 Adam Wharton 23/24 Crystal Palace €21.10m
67%
Departures Congo CB 27 Christopher Samba 11/12 Anzhi Makhachkala €14.00m
67%
Arrivals England RM 21 David Bentley 05/06 Arsenal €1.75m
67%
Departures England RM 23 David Bentley 08/09 Tottenham Hotspur €22.00m
67%
Arrivals England LB 24 Graeme Le Saux 92/93 Chelsea €1.05m
67%
Departures England LB 28 Graeme Le Saux 97/98 Chelsea €10.50m
67%
Departures England ST 20 James Beattie 98/99 Southampton €1.40m
67%
Arrivals Grenada ST 28 Jason Roberts 06/07 Wigan Athletic €4.08m
67%
Arrivals Scotland ST 22 Jordan Rhodes 12/13 Huddersfield Town €10.10m
67%
Departures Scotland ST 25 Jordan Rhodes 15/16 Middlesbrough €11.90m
67%
Arrivals England ST 22 Marcus Bent 00/01 Sheffield United €3.15m
67%
Departures England ST 23 Marcus Bent 01/02 Ipswich Town €4.50m
67%
Departures England CB 19 Phil Jones 11/12 Manchester United €19.30m
67%
Departures France DM 23 Steven Nzonzi 12/13 Stoke City €4.40m
67%
Arrivals England ST 21 Adam Armstrong 18/19 Newcastle United €1.90m
50%
Departures England ST 24 Adam Armstrong 21/22 Southampton €17.70m
50%
Arrivals Scotland DM 25 Barry Ferguson 03/04 Rangers €9.75m
50%
Departures Scotland DM 26 Barry Ferguson 04/05 Rangers €7.25m
50%
Arrivals Chile ST 19 Ben Brereton Díaz 18/19 Nottingham Forest €8.30m
50%
Arrivals South Africa ST 28 Benni McCarthy 06/07 Porto €3.70m
50%
Departures South Africa ST 32 Benni McCarthy 09/10 West Ham United €2.60m
50%
Departures United States GK 37 Brad Friedel 08/09 Aston Villa €2.50m
50%
Arrivals Australia RM 24 Brett Emerton 03/04 Feyenoord €3.00m
50%
Arrivals Scotland CB 25 Colin Hendry 91/92 Manchester City €1.05m
50%
Departures Scotland CB 32 Colin Hendry 98/99 Rangers €6.00m
50%
Departures Scotland CB 23 Colin Hendry 89/90 Manchester City €1.05m
50%
Arrivals England AM 27 David Dunn 06/07 Birmingham City €3.20m
50%
Departures England AM 23 David Dunn 03/04 Birmingham City €8.75m
50%
Arrivals Trinidad & Tobago ST 30 Dwight Yorke 02/03 Manchester United €3.50m
50%
Arrivals France CB 27 Gaël Givet 09/10 Marseille €4.00m
50%
Arrivals Norway CB 31 Henning Berg 00/01 Manchester United €2.63m
50%
Departures Norway CB 27 Henning Berg 97/98 Manchester United €7.50m
50%
Departures England LM 28 Jason Wilcox 99/00 Leeds United €4.50m
50%
Arrivals Northern Ireland RM 23 Keith Gillespie 98/99 Newcastle United €3.50m
50%
Arrivals Scotland ST 26 Kevin Gallacher 92/93 Coventry City €1.90m
50%
Arrivals Australia RB 23 Lucas Neill 01/02 Millwall €1.50m
50%
Departures Australia RB 28 Lucas Neill 06/07 West Ham United €2.30m
50%
Departures Sweden LB 25 Martin Olsson 13/14 Norwich City €2.90m
50%
Arrivals England ST 21 Matt Jansen 98/99 Crystal Palace €6.00m
50%
Arrivals Argentina AM 22 Mauro Formica 10/11 Newell's Old Boys €4.00m
50%
Arrivals Norway LM 22 Morten Gamst Pedersen 04/05 Tromsø €2.25m
50%
Arrivals Wales CM 30 Robbie Savage 04/05 Birmingham City €4.50m
50%
Departures Wales CM 33 Robbie Savage 07/08 Derby County €2.25m
50%
Departures Benin ST 26 Rudy Gestede 15/16 Aston Villa €8.50m
50%
Arrivals England ST 23 Sam Gallagher 19/20 Southampton €6.50m
50%
Departures England ST 28 Sam Gallagher 24/25 Stoke City €1.80m
50%
Arrivals Ireland AM 26 Sammie Szmodics 22/23 Peterborough United €3.00m
50%
Departures Ireland AM 28 Sammie Szmodics 24/25 Ipswich Town €10.60m
50%
Arrivals England CB 24 Scott Dann 11/12 Birmingham City €6.80m
50%
Departures England CB 26 Scott Dann 13/14 Crystal Palace €1.83m
50%
Arrivals Ireland CB 22 Shane Duffy 14/15 Everton €1.90m
50%
Departures Ireland CB 24 Shane Duffy 16/17 Brighton & Hove Albion €5.25m
50%
Arrivals Switzerland CB 22 Stéphane Henchoz 97/98 Hamburger €3.00m
50%
Departures Switzerland CB 24 Stéphane Henchoz 99/00 Liverpool €5.40m
50%
Arrivals England LB 25 Stephen Warnock 06/07 Liverpool €2.25m
50%
Departures England LB 27 Stephen Warnock 09/10 Aston Villa €9.00m
50%
Arrivals England RM 24 Stuart Ripley 92/93 Middlesbrough €2.00m
50%
Departures England RM 30 Stuart Ripley 98/99 Southampton €2.25m
50%
Arrivals England GK 26 Tim Flowers 93/94 Southampton €3.80m
50%
Departures England GK 32 Tim Flowers 99/00 Leicester City €1.80m
50%
Departures England CM 29 Tim Sherwood 98/99 Tottenham Hotspur €6.00m
50%
Departures Scotland CM 24 Tom Cairney 15/16 Fulham €4.20m
50%
Arrivals Netherlands CB 32 André Ooijer 06/07 PSV €3.00m
33%
Departures England CB 18 Ashley Phillips 23/24 Tottenham Hotspur €2.30m
33%
Arrivals Italy ST 25 Corrado Grabbi 01/02 Ternana €11.36m
33%
Arrivals England AM 30 Craig Hignett 00/01 Barnsley €4.00m
33%
Arrivals England CB 31 Craig Short 99/00 Everton €2.55m
33%
Arrivals England DM 24 David Batty 93/94 Leeds United €3.78m
33%
Departures England DM 27 David Batty 95/96 Newcastle United €5.15m
33%
Departures Spain GK 23 David Raya 19/20 Brentford €3.35m
33%
Arrivals Senegal ST 28 El Hadji Diouf 08/09 Sunderland €2.20m
33%
Departures Scotland CB 24 Grant Hanley 16/17 Newcastle United €6.60m
33%
Departures England CB 23 Ian Pearce 97/98 West Ham United €3.60m
33%
Arrivals Australia GK 27 John Filan 97/98 Coventry City €1.00m
33%
Arrivals Norway ST 20 Joshua King 12/13 Manchester United €1.23m
33%
Departures Canada LW 22 Junior Hoilett 12/13 Queens Park Rangers €3.75m
33%
Arrivals England ST 21 Kevin Davies 98/99 Southampton €11.25m
33%
Departures Norway CM 28 Lars Bohinen 97/98 Derby County €1.50m
33%
Arrivals Ireland ST 25 Leon Best 12/13 Newcastle United €3.80m
33%
Departures England DM 27 Mark Atkins 95/96 Wolverhampton Wanderers €1.00m
33%
Arrivals England ST 26 Mike Newell 91/92 Everton €1.30m
33%
Arrivals Croatia ST 21 Nikola Kalinić 09/10 Hajduk Split €7.00m
33%
Departures Croatia ST 23 Nikola Kalinić 11/12 Dnipro Dnipropetrovsk €6.00m
33%
Arrivals Sweden LB 21 Nils-Eric Johansson 01/02 Nürnberg €3.00m
33%
Arrivals France RB 30 Pascal Chimbonda 09/10 Tottenham Hotspur €1.70m
33%
Arrivals England GK 28 Paul Robinson 08/09 Tottenham Hotspur €4.40m
33%
Arrivals England CM 23 Paul Warhurst 93/94 Sheffield Wednesday €3.75m
33%
Departures Ireland GK 21 Shay Given 97/98 Newcastle United €2.25m
33%
Departures Finland ST 29 Shefki Kuqi 06/07 Crystal Palace €3.75m
33%
Departures Belgium GK 30 Thomas Kaminski 23/24 Luton Town €2.90m
33%
Arrivals Turkey CM 30 Tugay Kerimoğlu 01/02 Rangers €1.95m
33%
Arrivals Nigeria ST 28 Yakubu Ayegbeni 11/12 Everton €1.70m
33%
Departures Nigeria ST 29 Yakubu Ayegbeni 12/13 Guangzhou R&F €1.40m
33%
Arrivals Ireland LM 22 Alan Mahon 00/01 Sporting CP €2.30m
17%
Arrivals Iceland ST 23 Andri Guðjohnsen 25/26 Gent €2.20m
17%
Arrivals England CB 27 Andy Todd 02/03 Charlton Athletic €1.50m
17%
Arrivals England ST 28 Ashley Ward 98/99 Barnsley €6.29m
17%
Departures England ST 29 Ashley Ward 00/01 Bradford City €2.10m
17%
Arrivals Hungary GK 26 Balázs Tóth 24/25 Fehérvár €1.20m
17%
Arrivals England RM 22 Ben Marshall 13/14 Leicester City €1.15m
17%
Departures England RM 25 Ben Marshall 16/17 Wolverhampton Wanderers €1.40m
17%
Arrivals Scotland LB 21 Callum Davidson 97/98 St Johnstone €2.50m
17%
Departures Scotland LB 24 Callum Davidson 00/01 Leicester City €2.50m
17%
Arrivals Wales CB 25 Chris Coleman 95/96 Crystal Palace €4.90m
17%
Departures Wales CB 27 Chris Coleman 97/98 Fulham €3.68m
17%
Arrivals Scotland CB 24 Christian Dailly 98/99 Derby County €7.95m
17%
Departures Scotland CB 27 Christian Dailly 00/01 West Ham United €2.82m
17%
Arrivals Scotland ST 22 David Goodwillie 11/12 Dundee United €3.40m
17%
Departures England CB 24 David May 94/95 Manchester United €2.10m
17%
Arrivals England CM 24 David Thompson 02/03 Coventry City €2.25m
17%
Arrivals Nigeria DM 30 Dickson Etuhu 12/13 Fulham €1.90m
17%
Arrivals Scotland CB 26 Dominic Hyam 22/23 Coventry City €1.75m
17%
Departures Scotland CB 29 Dominic Hyam 25/26 Wrexham €3.10m
17%
Arrivals England CM 23 Garry Flitcroft 95/96 Manchester City €5.25m
17%
Arrivals England LB 22 Gary Croft 95/96 Grimsby Town €1.50m
17%
Arrivals England ST 21 Graham Fenton 95/96 Aston Villa €1.50m
17%
Departures England ST 23 Graham Fenton 97/98 Leicester City €1.10m
17%
Arrivals Turkey LB 28 Hakan Ünsal 01/02 Galatasaray €3.00m
17%
Departures Turkey LB 29 Hakan Ünsal 02/03 Galatasaray €1.20m
17%
Arrivals Ireland RM 27 Jason McAteer 98/99 Liverpool €5.55m
17%
Departures Ireland RM 30 Jason McAteer 01/02 Sunderland €3.00m
17%
Arrivals England GK 24 Jason Steele 14/15 Middlesbrough €1.13m
17%
Arrivals Ireland RB 24 Jeff Kenna 94/95 Southampton €2.25m
17%
Arrivals England RB 21 John Curtis 00/01 Manchester United €2.25m
17%
Arrivals England ST 20 Jon Stead 03/04 Huddersfield Town €1.88m
17%
Departures England ST 22 Jon Stead 05/06 Sunderland €2.70m
17%
Arrivals Ireland DM 25 Lee Carsley 98/99 Derby County €5.10m
17%
Departures Ireland DM 26 Lee Carsley 00/01 Coventry City €3.75m
17%
Arrivals Italy CB 32 Lorenzo Amoruso 03/04 Rangers €2.10m
17%
Arrivals Senegal ST 26 Makhtar Gueye 24/25 RWD Molenbeek €1.80m
17%
Arrivals Sweden ST 29 Martin Dahlin 97/98 Roma €3.00m
17%
Departures England CB 24 Martin Taylor 03/04 Birmingham City €1.60m
17%
Departures England ST 23 Matt Derbyshire 09/10 Olympiacos €3.00m
17%
Arrivals England LM 26 Matty Holmes 95/96 West Ham United €1.50m
17%
Arrivals Wales ST 26 Nathan Blake 98/99 Bolton Wanderers €5.95m
17%
Departures Wales ST 29 Nathan Blake 01/02 Wolverhampton Wanderers €2.25m
17%
Arrivals Denmark CM 29 Per Frandsen 99/00 Bolton Wanderers €2.63m
17%
Departures Denmark CM 30 Per Frandsen 00/01 Bolton Wanderers €2.40m
17%
Arrivals Serbia DM 22 Radosav Petrović 11/12 Partizan Belgrade €3.30m
17%
Arrivals Japan AM 28 Ryōya Morishita 25/26 Legia Warsaw €2.10m
17%
Arrivals France RB 24 Sébastien Pérez 98/99 Bastia €3.60m
17%
Arrivals Portugal DM 23 Sidnei Tavares 25/26 Moreirense €2.00m
17%
Arrivals Montenegro LM 25 Simon Vukčević 11/12 Sporting CP €2.30m
17%
Arrivals Ireland CM 22 Steven Reid 03/04 Millwall €3.60m
17%
Arrivals Australia DM 28 Vincenzo Grella 08/09 Torino €4.00m
17%
Arrivals Slovakia LB 25 Vratislav Greško 03/04 Parma €1.80m
17%
Departures England LB 23 Alan Wright 94/95 Aston Villa €1.50m
0%
Arrivals Sierra Leone ST 25 Augustus Kargbo 24/25 Cesena €1.20m
0%
Arrivals England RB 29 Bradley Orr 11/12 Queens Park Rangers €1.80m
0%
Departures England ST 26 Francis Jeffers 07/08 Sheffield Wednesday €1.05m
0%
Departures England CM 25 John Buckley 25/26 Al-Kholood €1.16m
0%
Arrivals England ST 18 Jordan Slew 11/12 Sheffield United €1.25m
0%
Arrivals Sweden GK 24 Leopold Wahlstedt 23/24 Odd €1.00m
0%
Departures Sweden GK 24 Leopold Wahlstedt 24/25 Aarhus €1.00m
0%
Arrivals Netherlands ST 23 Maceo Rigters 07/08 NAC Breda €1.20m
0%
Departures England GK 27 Mark Bunn 12/13 Norwich City €1.25m
0%
Arrivals England CM 25 Steve Agnew 90/91 Barnsley €1.05m
0%
No matching quizzes found
Score Distribution
Percent of People with Each Score
Percentile by Number Answered
Your Score History
You have not taken this quiz